000 00637nam a2200229Ia 4500
005 20250508170138.0
008 008 250505s9999 xx 000 0 eng d
020 _a978-0-8153-6458-0
037 _aTextBook
040 _aFEDL
_beng
_cFEDL
041 _aeng
_2eng
084 _a500.82, LED/R
_qFEDL
100 _aLederman Muriel Ed.
_917064
245 0 _aGender and science reader
260 _aLondon, UK
_bRoutledge
_c2001
300 _axiv, 505p.
365 _aINR
_b12
546 _aIndian reprint, 2018
700 _a Bartsch Ingrid Ed.
_9783201
942 _cTB
_h500.82, LED/R
999 _c1399442
_d1399442